书目信息 |
| 题名: |
马克思主义党的学说简明辞典
|
|
| 作者: | 金晓中 , 王淑芝 编 | |
| 分册: | ||
| 出版信息: | 沈阳 辽宁大学出版社 1985 |
|
| 页数: | 499页 | |
| 开本: | 19cm | |
| 丛书名: | ||
| 单 册: | ||
| 中图分类: | D053-61 | |
| 科图分类: | ||
| 主题词: | 马克思主义党--词典 | |
| 电子资源: | ||
| ISBN: | ||
| 000 | 00701nam0 2200241 45 | |
| 001 | 0185000324 | |
| 005 | 20070803081351.43 | |
| 010 | @b精装@dCNY5.00 | |
| 091 | @aCN@b3429.002 | |
| 100 | @a19900904d1985 emky0chiy0121 ea | |
| 101 | 0 | @achi |
| 102 | @aCN@b210000 | |
| 105 | @ay e 000yy | |
| 200 | 10 | @a马克思主义党的学说简明辞典@Ama ke si zhu yi dang de xue shuo jian ming ci dian@f金晓中, 王淑芝编 |
| 210 | @a沈阳@c辽宁大学出版社@d1985 | |
| 215 | @a499页@d19cm | |
| 606 | @a马克思主义党@x词典 | |
| 690 | @aD053-61@v3 | |
| 701 | 0 | @a金晓中@Ajin xiao zhong@4编 |
| 701 | 0 | @a王淑芝@Awang shu zhi@4编 |
| 801 | 0 | @aCN@bTSSF@c20070803 |
| 801 | 2 | @aCN@bNLC@c20070731 |
| 905 | @a10447@dD053-61@e9 | |
| 马克思主义党的学说简明辞典/金晓中, 王淑芝编.-沈阳:辽宁大学出版社,1985 |
| 499页;19cm |
| ISBN (精装):CNY5.00 |
| ● |
| 相关链接 |
|
|
|
|
正题名:马克思主义党的学说简明辞典
索取号:D053-61/9
 
预约/预借
| 序号 | 登录号 | 条形码 | 馆藏地/架位号 | 状态 | 备注 |
| 1 | 0790474 | 207904749 | 第一样本阅览室/ [索取号:D053-61/9] | 在馆 |